Âm vị học và tuyến tính : Suy nghĩ về những định đề của âm vị học đương đại / Cao Xuân Hạo. /

Saved in:
Bibliographic Details
Main Author: Cao Xuân Hao
Format: Book
Language:English
Vietnamese
Published: Đại học quốc gia Hà Nội, 2004.
Subjects:
Tags: Add Tag
No Tags, Be the first to tag this record!
Institutions: Mạng thư viện Đại học Đà Nẵng
LEADER 00974cam a22002891a 4500
001 000035628
003 11915
005 20220530084301.0
008 160318s2004 vm 000 eng
041 |a vie 
082 |a 414  |b CA-H 
100 |a Cao Xuân Hao 
245 0 |a Âm vị học và tuyến tính : Suy nghĩ về những định đề của âm vị học đương đại / Cao Xuân Hạo. /  |c Cao Xuân Hạo. 
260 |a Đại học quốc gia Hà Nội,  |c 2004. 
300 |a 382tr . : mh ; 25cm. 
650 |a Âm vị học và tuyến tính , Suy nghĩ về những định đề của âm vị học đương đại , Cao Xuân Hạo. 
852 |b Chuyên đề  |c Sách tham khảo 
OWN |a LNN 
999 |a From the UDN01 
TYP |a Monograph 
TYP |a Printed language 
980 |a Mạng thư viện Đại học Đà Nẵng